000 00690nam a2200205Ia 4500
003 GCL
008 140319s9999 xx 000 0 ara d
040 _aGCL /
_cGCL
082 0 4 _aد
_b050
100 1 _aشوقى جلال
245 1 0 _aالعالم بعد مائتى عام(عالم المعرفة 55) :
_bالثورة العلمية التكنولوجية خلال القرنين القادمين /
_cشوقى جلال
700 1 _aكان وافرين, هيرمان
300 _a363 ص
490 _aعالم المعرفة
_v0
650 0 4 _aالعلم والحضارة
650 0 4 _aالطاقة
650 0 4 _aالتطور
650 0 4 _aالبيئة - علم
942 _2ddc
_cBK
999 _c50388
_d50388